000 00643nam a22002057a 4500
010 _aENG-114997
020 _a9788120352261
_c450.00
035 _aEN-98529
037 _bDBAD/PUB
082 _a005.14
100 _aDesai, Sandeep
245 _aSoftware testing :
_cby Sandeep Desai [and] Abhishek Srivastava
_ba practical approach /
250 _a2nd ed
260 _aDelhi
_bPHI Learning
_c2016
270 _aRimjhim House, 111, Patparganj Industrial Estate,
_bDelhi
_e110092
300 _axii,363p.:
_bill.
_c24cm(pbk)
500 _aIncludes index
700 _aSrivastava, Abhishek
942 _2ddc
_cEN
_mDES
_h005.14
999 _c99292
_d99292